[Event "Crotone Province-ch"]
[Site "Crotone"]
[Date "2010.02.28"]
[Round "3"]
[White "Grano, Giuseppe"]
[Black "Frontera, Domenico"]
[Result "0-1"]
[WhiteElo "1715"]
[BlackElo "1753"]
[PlyCount "88"]
[EventDate "2010.02.27"]
[EventType "swiss"]
[EventRounds "6"]
[EventCountry "ITA"]
[SourceTitle "EXT 2024"]
[Source "ChessBase"]
[SourceDate "2023.10.10"]
[SourceVersion "1"]
[SourceVersionDate "2023.10.10"]
[SourceQuality "1"]

1. Nf3 d5 2. d4 e6 3. c3 Nf6 4. Bg5 Nbd7 5. e3 Be7 6. Bd3 h6 7. Bxf6 Nxf6 8. Nbd2 0-0 9. Qe2 c5 10. 0-0 c4 11. Bc2 b5 12. e4 dxe4 13. Nxe4 Bb7 14. Rfe1 Bd5 15. Rad1 a5 16. Ne5 Qc7 17. Nxf6+ Bxf6 18. Ng4 Qf4 19. Nxf6+ Qxf6 20. Bb1 Qg5 21. f3 f5 22. Qf2 b4 23. Bc2 Qf4 24. Re3 bxc3 25. bxc3 Rab8 26. Rb1 Rxb1+ 27. Bxb1 Rb8 28. Re1 Qd6 29. Qg3 Qb6 30. Qg6 Qb2 31. Bxf5 exf5 32. Qxf5 Bf7 33. Qxa5 Qd2 34. Qe5 Rb2 35. Qg3 Rxa2 36. Qb8+ Kh7 37. Qg3 Qxc3 38. Qh4 Qd2 39. Qg3 c3 40. h3 c2 41. Re7 c1Q+ 42. Kh2 Qxg2+ 43. Qxg2 Rxg2+ 44. Kxg2 Qg5+ 0-1

[Event "Cutro op-B 11th"]
[Site "Cutro"]
[Date "2005.04.24"]
[Round "1"]
[White "Frontera, Domenico"]
[Black "Rotunno, Giuseppe"]
[Result "0-1"]
[WhiteElo "1632"]
[BlackElo "1961"]
[PlyCount "65"]
[EventDate "2005.04.23"]
[EventType "swiss"]
[EventRounds "5"]
[EventCountry "ITA"]
[SourceTitle "CBM 106 Extra"]
[Source "ChessBase"]
[SourceDate "2005.07.01"]
[SourceVersion "1"]
[SourceVersionDate "2005.07.01"]
[SourceQuality "1"]

1. e4 c5 2. Nf3 e6 3. d4 cxd4 4. Nxd4 Nf6 5. Nc3 d6 6. Bc4 Be7 7. 0-0 a6 8. Be3 b5 9. Bb3 b4 10. Na4 Nxe4 11. Qg4 Nf6 12. Qxg7 Rg8 13. Qh6 Bb7 14. f3 Rg6 15. Qh3 Bd5 16. Rac1 Bxb3 17. cxb3 Nd5 18. Bd2 Bf6 19. Nxe6 fxe6 20. Qxe6+ Ne7 21. Qc4 d5 22. Qxb4 Nbc6 23. Qa3 Nd4 24. Kh1 Ndf5 25. Bf4 Rc8 26. Nc5 Bd4 27. Qa4+ Kf7 28. Nd3 Re6 29. g4 Ne3 30. Qxd4 Nxf1 31. Rxf1 Ng6 32. Bh6 Qd6 33. Qg7+ 0-1